Construction guides for exposed wood decks
Spremljeno u:
| Glavni autor: | |
|---|---|
| Format: | Knjiga |
| Jezik: | Undetermined |
| Izdano: |
Washington D.C
U.S. Department of Agriculture
1972
|
| Teme: | |
| Oznake: |
Dodaj oznaku
Bez oznaka, Budi prvi tko označuje ovaj zapis!
|
| Thư viện lưu trữ: | Trung tâm Học liệu Trường Đại học Cần Thơ |
|---|
| LEADER | 00520nam a2200181Ia 4500 | ||
|---|---|---|---|
| 001 | CTU_11920 | ||
| 008 | 210402s9999 xx 000 0 und d | ||
| 082 | |a 694 | ||
| 082 | |b A545 | ||
| 100 | |a L O Anderson | ||
| 245 | 0 | |a Construction guides for exposed wood decks | |
| 245 | 0 | |c L O Anderson, A C Oviatt, T B Heebins | |
| 260 | |a Washington D.C | ||
| 260 | |b U.S. Department of Agriculture | ||
| 260 | |c 1972 | ||
| 650 | |a woodwork | ||
| 904 | |i Minh, 961105 | ||
| 980 | |a Trung tâm Học liệu Trường Đại học Cần Thơ | ||